书目信息 |
| 题名: |
环境保护与水土污染治理研究
|
|
| 作者: | 孙新坡, , 毕钰璋, , 赵文萍 著 | |
| 分册: | ||
| 出版信息: | 北京 中国华侨出版社 2021.09 |
|
| 页数: | 198页 | |
| 开本: | 26cm | |
| 丛书名: | ||
| 单 册: | ||
| 中图分类: | X , X52 | |
| 科图分类: | ||
| 主题词: | 环境保护--huan jing bao hu--研究 , 水污染防治--shui wu ran fang zhi--研究 , 土壤污染--tu rang wu ran--污染防治--研究 | |
| 电子资源: | ||
| ISBN: | 978-7-5113-8476-8 | |
| 000 | 01935nam0 2200313 450 | |
| 001 | CAL 0120192748478 | |
| 005 | 20230303140304.01 | |
| 010 | @a978-7-5113-8476-8@dCNY65.00 | |
| 100 | @a20211104d2021 em y0chiy0120 ea | |
| 101 | 0 | @achi |
| 102 | @aCN@b110000 | |
| 105 | @ay a 000yy | |
| 106 | @ar | |
| 200 | 1 | @a环境保护与水土污染治理研究@Ahuan jing bao hu yu shui tu wu ran zhi li yan jiu@f孙新坡, 毕钰璋, 赵文萍著 |
| 210 | @a北京@c中国华侨出版社@d2021.09 | |
| 215 | @a198页@d26cm | |
| 314 | @a孙新坡, 男, 1978年出生, 土木学院, 博士, 副教授, 硕导, 优秀教师, 获批颜德岳院士奖教金, “盐都万人计划”优秀科技人才, 652青年拔尖学者, 龙山计划学术人才, 主持国基面上及省厅重点等项目13项, 主研8项。论文28篇, 专利11项, 著作4部。毕钰璋, 男, 1990年出生, 东南大学环境岩土工程专业博士, 主要从事工业污染场地及矿山污染场地的研究, 必照岩土科技 (南京) 有限公司CEO, 主持项目15项, 以第一通讯作者发表SCI论文10余篇, 发表专利30项, 计算机专著7项。赵文萍, 女, 山东济南人, 厦门大学法学博士。目前主要从事环境法、国际海洋法等领域的研究工作, 发表《深海塑料污染国际治理机制研究 —— 人类命运共同体的深海落实》《社会源废弃物的损害复合性及其法律控制研究》《人工智能实施背景下的环境风险控制 —— 以社会源危险废弃物全程追踪机制研究为分析样本》等多篇论文。 | |
| 320 | @a有书目 (第198页) | |
| 330 | @a《环境保护与水土污染治理研究》突出环境保护与水土污染治理两大方面, 对环境及环境保护的基本知识进行了介绍 ; 对水土污染治理相关内容进行了系统阐述 ; 围绕水土污染治理与环境保护之间的关系, 对水土污染及治理措施等进行深入分析 ; 对水土污染治理发展前景进行了展望。 | |
| 606 | 0 | @a环境保护@Ahuan jing bao hu@x研究 |
| 606 | 0 | @a水污染防治@Ashui wu ran fang zhi@x研究 |
| 606 | 0 | @a土壤污染@Atu rang wu ran@x污染防治@x研究 |
| 690 | @aX@v5 | |
| 690 | @aX52@v5 | |
| 701 | 0 | @a孙新坡,@Asun xin po@f1978-@4著 |
| 701 | 0 | @a毕钰璋,@Abi yu zhang@f1990-@4著 |
| 701 | 0 | @a赵文萍@Azhao wen ping@4著 |
| 801 | 0 | @aCN@bBJXHZP@c20230228 |
| 905 | @b1386857-60@dX@e226@f4 | |
| 环境保护与水土污染治理研究/孙新坡, 毕钰璋, 赵文萍著.-北京:中国华侨出版社,2021.09 |
| 198页;26cm |
| ISBN 978-7-5113-8476-8:CNY65.00 |
| 《环境保护与水土污染治理研究》突出环境保护与水土污染治理两大方面, 对环境及环境保护的基本知识进行了介绍 ; 对水土污染治理相关内容进行了系统阐述 ; 围绕水土污染治理与环境保护之间的关系, 对水土污染及治理措施等进行深入分析 ; 对水土污染治理发展前景进行了展望。 |
| ● |
| 相关链接 |
|
|
|
|
正题名:环境保护与水土污染治理研究
索取号:X/226
 
预约/预借
| 序号 | 登录号 | 条形码 | 馆藏地/架位号 | 状态 | 备注 |
| 1 | 1386857 | 213868572 | 第二样本阅览室/ [索取号:X/226] | 在馆 | |
| 2 | 1386858 | 213868581 | 第三借阅区/ [索取号:X/226] | 在馆 | |
| 3 | 1386859 | 213868590 | 第三借阅区/ [索取号:X/226] | 在馆 | |
| 4 | 1386860 | 213868607 | 第三借阅区/ [索取号:X/226] | 在馆 |